[Event "World Rapid Women 2022"]
[Site "Almaty KAZ"]
[Date "2022.12.27"]
[Round "8.24"]
[White "Petrova, Irina"]
[Black "Tokhirjonova, Gulrukhbegim"]
[Result "1/2-1/2"]
[WhiteTitle "WIM"]
[BlackTitle "WGM"]
[WhiteElo "2123"]
[BlackElo "2328"]
[WhiteFideId "14124122"]
[BlackFideId "14203626"]
[EventDate "2022.12.26"]

1. e4 e5 2. Nf3 Nc6 3. Bb5 a6 4. Ba4 Nf6 5. d3 b5 6. Bb3 Be7 7. O-O O-O 8. c3 d5
9. Nbd2 Be6 10. Re1 Qd6 11. Qe2 d4 12. Bxe6 Qxe6 13. cxd4 exd4 14. Nb3 Rad8 15.
Bf4 Ne8 16. Rac1 Bb4 17. Bd2 Bxd2 18. Qxd2 Ne5 19. Nxe5 Qxe5 20. Rc5 Qe6 21.
Rec1 f5 22. Qg5 Rd6 23. Rxf5 Rxf5 24. Qxf5 Qxf5 25. exf5 Kf7 26. g4 h5 27. h3
hxg4 28. hxg4 Kf8 29. Kg2 Ke7 30. Kf3 Kd8 31. Nc5 Kc8 32. Ne6 Kb7 33. Kf4 Kb6
34. g5 a5 35. Ke5 c6 36. Nxd4 Rd5+ 37. Ke4 Nd6+ 38. Ke3 c5 39. Ne6 Re5+ 40. Kd2
Nxf5 41. Re1 Rd5 42. Kc2 Rd6 43. Re5 g6 44. Nf4 Nd4+ 45. Kd1 Kc6 46. Re8 Nf3 47.
Re6 Rxe6 48. Nxe6 Kd6 49. Nf4 Nxg5 50. Nxg6 Ke6 51. Ke2 Kf6 52. Nf4 Ke5 53. Ng2
Ne6 54. Ke3 Nd4 55. f4+ Kf5 56. Nh4+ Kg4 57. Ng6 Kf5 58. Nh4+ Kg4 59. Ng6 Kf5
60. Nh4+ Kg4 1/2-1/2

[Event "World Rapid Women 2022"]
[Site "Almaty KAZ"]
[Date "2022.12.27"]
[Round "8.25"]
[White "Serikbay, Assel"]
[Black "Buksa, Nataliya"]
[Result "0-1"]
[WhiteTitle "WIM"]
[BlackTitle "IM"]
[WhiteElo "2230"]
[BlackElo "2405"]
[WhiteFideId "13706799"]
[BlackFideId "14123622"]
[EventDate "2022.12.26"]

1. d4 d5 2. Nf3 Nf6 3. c4 e6 4. g3 Be7 5. Bg2 O-O 6. O-O dxc4 7. Qc2 c6 8. Qxc4
b5 9. Qc2 Bb7 10. Rd1 Nbd7 11. Nc3 Qb6 12. a4 a5 13. Ng5 Rac8 14. e4 h6 15. Nh3
b4 16. Ne2 c5 17. d5 exd5 18. exd5 Bd6 19. Bf4 Ba6 20. Bxd6 Qxd6 21. Nhf4 Rfe8
22. Nc1 c4 23. Nce2 Ne5 24. Nd4 Nd3 25. Nxd3 cxd3 26. Qd2 Ne4 27. Bxe4 Rxe4 28.
Nb5 Qxd5 29. Rac1 Rxc1 30. Qxc1 Re2 31. Qf4 d2 0-1

[Event "World Rapid Women 2022"]
[Site "Almaty KAZ"]
[Date "2022.12.27"]
[Round "8.26"]
[White "Charochkina, Daria"]
[Black "Enkhtuul, Altan-Ulzii"]
[Result "1-0"]
[WhiteTitle "IM"]
[BlackTitle "WGM"]
[WhiteElo "2344"]
[BlackElo "2285"]
[WhiteFideId "4180917"]
[BlackFideId "4901444"]
[EventDate "2022.12.26"]

1. d4 Nf6 2. c4 c5 3. d5 e6 4. Nc3 exd5 5. cxd5 d6 6. Nf3 g6 7. Bf4 a6 8. a4 Bg7
9. h3 O-O 10. e3 Re8 11. Nd2 Nh5 12. Bh2 f5 13. Be2 Nf6 14. O-O Ne4 15. Ncxe4
fxe4 16. Nc4 Bf8 17. f3 exf3 18. Bxf3 Bd7 19. Nxd6 Rxe3 20. Nc4 Re8 21. d6 Be6
22. Bd5 Nc6 23. Bxe6+ Rxe6 24. Qd5 Nd4 25. Rae1 Qe8 26. d7 Qe7 27. Bc7 b5 28.
Qxa8 Rxe1 29. Qd5+ Kg7 30. Be5+ Rxe5 31. Qxe5+ Qxe5 32. Nxe5 Ne6 33. Nc6 c4 34.
Re1 Bc5+ 35. Kh1 Nd8 36. Nxd8 Kf6 37. Nb7 Bb6 38. a5 Bc7 39. Re8 b4 40. Rc8 c3
41. Rxc7 cxb2 42. d8=Q+ Kf5 43. Rc5+ Ke4 44. Qd5+ Ke3 45. Qf3+ Kd2 46. Rd5+ Kc2
47. Qd3+ 1-0

[Event "World Rapid Women 2022"]
[Site "Almaty KAZ"]
[Date "2022.12.27"]
[Round "8.27"]
[White "Shukhman, Anna"]
[Black "Kamalidenova, Meruert"]
[Result "0-1"]
[WhiteTitle "WFM"]
[BlackTitle "WIM"]
[WhiteElo "2161"]
[BlackElo "2377"]
[WhiteFideId "54180058"]
[BlackFideId "13712802"]
[EventDate "2022.12.26"]

1. e4 c5 2. Nf3 d6 3. d4 cxd4 4. Nxd4 Nf6 5. Nc3 Nc6 6. Bg5 e6 7. Qd2 a6 8.
O-O-O Bd7 9. f4 Be7 10. Be2 b5 11. Bf3 Rc8 12. Nxc6 Bxc6 13. e5 dxe5 14. Qxd8+
Bxd8 15. fxe5 Nd7 16. Bxd8 Kxd8 17. Rd6 Bxf3 18. gxf3 Ke7 19. f4 Rc4 20. Rhd1
Nc5 21. f5 Rc8 22. fxe6 fxe6 23. a3 Rc7 24. Kb1 b4 25. axb4 Rxb4 26. Rg1 g6 27.
Rf1 Nd7 28. Na2 Rbc4 29. Rxa6 Rxc2 30. Nc3 Rxh2 31. Nb5 Rb7 32. Nd4 Rhxb2+ 33.
Ka1 R2b6 34. Nc6+ Ke8 35. Ra8+ Nb8 36. Na5 Rc7 37. Rb1 Rxb1+ 38. Kxb1 Rc8 39.
Nb7 Ke7 40. Nd6 Rf8 41. Ra7+ Nd7 42. Ne4 Kd8 0-1

[Event "World Rapid Women 2022"]
[Site "Almaty KAZ"]
[Date "2022.12.27"]
[Round "8.28"]
[White "Beydullayeva, Govhar"]
[Black "Ovod, Evgenija"]
[Result "1/2-1/2"]
[WhiteTitle "WGM"]
[BlackTitle "IM"]
[WhiteElo "2387"]
[BlackElo "2323"]
[WhiteFideId "13413015"]
[BlackFideId "4131827"]
[EventDate "2022.12.26"]

1. d4 d5 2. c4 e6 3. Nf3 Nf6 4. Nc3 Be7 5. Bf4 O-O 6. e3 b6 7. Bd3 Bb7 8. cxd5
Nxd5 9. Nxd5 exd5 10. Qc2 Bb4+ 11. Kf1 Ba6 12. Bxa6 Nxa6 13. Qc6 Be7 14. a3 Rc8
15. Rd1 Nb8 16. Qa4 a5 17. Ke2 Bd6 18. Bxd6 Qxd6 19. Rc1 c6 20. Rc2 b5 21. Qxa5
Qg6 22. Ne1 f5 23. g3 f4 24. gxf4 Rxf4 25. Kd1 Rf6 26. Qd2 Rcf8 27. Nd3 Qg2 28.
Qe1 Nd7 29. Kc1 Qe4 30. Qd1 Nb6 31. b3 Nc8 32. Rg1 Qe7 33. Kb2 Nd6 34. Qe1 Ne4
35. f4 Rh6 36. Qb4 Qf6 37. Rcg2 Kh8 38. Ne5 Rc8 39. Ng4 c5 40. Nxf6 cxb4 41.
Nxe4 bxa3+ 42. Kxa3 dxe4 43. Rxg7 Rxh2 44. Re7 Rhc2 45. Kb4 Rb2 46. Rh1 Rc4+ 47.
Ka5 Rxb3 48. Rhxh7+ Kg8 49. Rhg7+ Kh8 50. Rgf7 Kg8 51. Rg7+ Kh8 52. f5 Rc6 53.
Rh7+ Kg8 54. Rhg7+ Kh8 55. Rgf7 Kg8 56. f6 Ra3+ 57. Kb4 Ra4+ 58. Kb3 Rcc4 59.
Rg7+ Kf8 60. Rgf7+ Kg8 61. Ra7 Rab4+ 62. Ka3 Ra4+ 63. Kb3 Rab4+ 64. Ka3 Ra4+ 1/2-1/2

[Event "World Rapid Women 2022"]
[Site "Almaty KAZ"]
[Date "2022.12.27"]
[Round "8.29"]
[White "Badelka, Olga"]
[Black "Nurgaliyeva, Zarina"]
[Result "0-1"]
[WhiteTitle "IM"]
[BlackTitle "WFM"]
[WhiteElo "2416"]
[BlackElo "2013"]
[WhiteFideId "13509926"]
[BlackFideId "13730096"]
[EventDate "2022.12.26"]

1. e4 e5 2. Nf3 Nc6 3. Nc3 Nf6 4. Bb5 Bb4 5. O-O O-O 6. Bxc6 dxc6 7. d3 Re8 8.
Ne2 a5 9. Ng3 a4 10. a3 Bf8 11. h3 c5 12. Be3 b6 13. Nd2 Bd6 14. Kh1 Qe7 15. Nc4
Be6 16. Nxd6 cxd6 17. f4 d5 18. fxe5 Nd7 19. Qh5 g6 20. Qh6 Nxe5 21. Bg5 Qf8 22.
Qh4 Nd7 23. Rae1 d4 24. e5 b5 25. Ne4 Bd5 26. Bh6 Qe7 27. Ng5 Ra6 28. Re2 Rb6
29. Ref2 Rc6 30. Bg7 h5 31. Bf6 Nxf6 32. exf6 Qe3 33. Kh2 c4 34. Qg3 cxd3 35.
cxd3 Qxg3+ 36. Kxg3 Re3+ 37. Kh2 Rxd3 38. Re1 Re3 39. Rd1 d3 40. Rdd2 Bc4 41.
Rf4 Rc8 42. Rd4 Rce8 43. Nf3 R3e6 44. Rf4 Kf8 45. Kg3 Rd8 46. Nd4 Red6 47. Nf3
Re8 48. Nd4 g5 49. Rf5 Rxd4 50. Rxg5 Re2 51. Rxh5 Ke8 52. Rxe2+ dxe2 53. Re5+
Kd7 54. Kf2 Rd1 0-1

[Event "World Rapid Women 2022"]
[Site "Almaty KAZ"]
[Date "2022.12.27"]
[Round "8.30"]
[White "Assaubayeva, Bibisara"]
[Black "Tereladze, Sopio"]
[Result "1-0"]
[WhiteTitle "IM"]
[BlackTitle "WIM"]
[WhiteElo "2440"]
[BlackElo "2215"]
[WhiteFideId "13708694"]
[BlackFideId "13600486"]
[EventDate "2022.12.26"]

1. d4 Nf6 2. c4 e6 3. Nf3 Bb4+ 4. Nbd2 b6 5. a3 Bxd2+ 6. Qxd2 Bb7 7. e3 O-O 8.
Bd3 d6 9. Qc2 Nbd7 10. O-O c5 11. b4 Rc8 12. Nd2 d5 13. dxc5 bxc5 14. b5 Ne5 15.
Bb2 Nxd3 16. Qxd3 Qe7 17. a4 Rfd8 18. Qe2 e5 19. cxd5 Nxd5 20. Nc4 Qg5 21. f3 f6
22. Rfd1 Rd7 23. Rd2 Rcd8 24. Rad1 h5 25. Na5 Ba8 26. Nc6 1-0

[Event "World Rapid Women 2022"]
[Site "Almaty KAZ"]
[Date "2022.12.27"]
[Round "8.31"]
[White "Nasybullina, Alfia"]
[Black "Nomin-Erdene, Davaademberel"]
[Result "0-1"]
[WhiteTitle "WIM"]
[BlackTitle "IM"]
[WhiteElo "2027"]
[BlackElo "2384"]
[WhiteFideId "4132416"]
[BlackFideId "4900782"]
[EventDate "2022.12.26"]

1. Nf3 f5 2. d3 d6 3. e4 e5 4. Nc3 Nc6 5. d4 fxe4 6. Nxe4 d5 7. Ng3 e4 8. Ne5
Nxe5 9. dxe5 Be6 10. f3 Qh4 11. fxe4 O-O-O 12. Qd4 c5 13. Qa4 Kb8 14. b4 dxe4
15. Be3 Nh6 16. Rd1 Ng4 17. Rxd8+ Qxd8 18. Bxc5 Bxc5 19. bxc5 Qg5 20. Be2 Qc1+
21. Bd1 Qe3+ 22. Be2 Rd8 23. Qxe4 Qf2# 0-1

[Event "World Rapid Women 2022"]
[Site "Almaty KAZ"]
[Date "2022.12.27"]
[Round "8.32"]
[White "Zatonskih, Anna"]
[Black "Borisova, Ekaterina"]
[Result "0-1"]
[WhiteTitle "IM"]
[BlackTitle "FM"]
[WhiteElo "2349"]
[BlackElo "2223"]
[WhiteFideId "14101572"]
[BlackFideId "34124184"]
[EventDate "2022.12.26"]

1. d4 Nf6 2. c4 g6 3. Nf3 Bg7 4. g3 O-O 5. Bg2 d5 6. O-O Nc6 7. cxd5 Nxd5 8. e3
Bf5 9. Nc3 Nxc3 10. bxc3 Be4 11. a4 Na5 12. Ba3 Re8 13. Nd2 Bxg2 14. Kxg2 e5 15.
Qf3 Qd7 16. Rfb1 b6 17. Bb4 Nc6 18. d5 Nxb4 19. Rxb4 c6 20. e4 cxd5 21. exd5
Rad8 22. Rb5 f5 23. Rab1 e4 24. Qe3 Qf7 25. c4 Qf8 26. a5 Bh6 27. Qe2 e3 28. Nf3
exf2 29. Qxf2 Be3 30. Qf1 Qf6 31. axb6 axb6 32. R5b3 f4 33. Re1 Bc5 34. Rbb1
fxg3 35. hxg3 Qc3 36. Rxe8+ Rxe8 37. Re1 Qc2+ 38. Kh3 Rf8 39. Re5 Qc3 0-1

[Event "World Rapid Women 2022"]
[Site "Almaty KAZ"]
[Date "2022.12.27"]
[Round "8.33"]
[White "Nomindalai, Tumurbaatar"]
[Black "Gvetadze, Sofio"]
[Result "0-1"]
[WhiteTitle "CM"]
[BlackTitle "IM"]
[WhiteElo "2132"]
[BlackElo "2298"]
[WhiteFideId "4904095"]
[BlackFideId "13601440"]
[EventDate "2022.12.26"]

1. d4 Nf6 2. c4 c5 3. d5 g6 4. g3 Bg7 5. Nc3 O-O 6. Bg2 d6 7. e4 Na6 8. f4 Nc7
9. a4 Rb8 10. Nf3 a6 11. a5 b5 12. axb6 Rxb6 13. O-O Rb4 14. Qe2 Bg4 15. h3 Bxf3
16. Bxf3 Nd7 17. Ra3 Nb6 18. Na2 Rxc4 19. b3 Rxc1 20. Rxc1 Qc8 21. Kh2 Qb7 22.
Bg2 Nb5 23. Ra5 Nd7 24. Bf1 Rb8 25. Rb1 h5 26. b4 c4 27. Qxc4 Rc8 28. Qd3 Qb6
29. Kg2 h4 30. Rc1 Rxc1 31. Nxc1 hxg3 32. Kxg3 Qg1+ 33. Bg2 Qe1+ 34. Kh2 Qxc1
35. Rxa6 Qxf4+ 36. Qg3 Qd2 37. Ra8+ Nf8 38. Qh4 Nd4 39. Qxe7 0-1

[Event "World Rapid Women 2022"]
[Site "Almaty KAZ"]
[Date "2022.12.27"]
[Round "8.34"]
[White "Balabayeva, Xeniya"]
[Black "Lhotska, Anna"]
[Result "1/2-1/2"]
[WhiteTitle "WIM"]
[BlackTitle "WFM"]
[WhiteElo "2183"]
[BlackElo "2159"]
[WhiteFideId "13719688"]
[BlackFideId "376183"]
[EventDate "2022.12.26"]

1. e4 c5 2. Nf3 d6 3. Bb5+ Nd7 4. O-O a6 5. Bxd7+ Bxd7 6. d4 cxd4 7. Qxd4 Rc8 8.
Nc3 e5 9. Qd3 Be6 10. b3 Qc7 11. Bb2 Nf6 12. Ng5 Bd7 13. Rac1 Be7 14. Ne2 O-O
15. Rfd1 h6 16. Nf3 Bc6 17. Ng3 g6 18. c4 Rfd8 19. Qe3 Kh7 20. h3 b6 21. Re1 Qb7
22. Rcd1 Bd7 23. Bc1 Bf8 24. Nh2 Be6 25. Qf3 Qe7 26. Nhf1 b5 27. cxb5 axb5 28.
Ne3 Ra8 29. Re2 Bg7 30. Red2 Ra6 31. Rc2 Qa7 32. Qe2 Qb7 33. Rcd2 Nxe4 34. Nxe4
Qxe4 35. Qxb5 Rda8 36. Qe2 Qc6 37. Nc4 Bxc4 38. bxc4 Qc5 39. Rc2 Rc8 40. Rd5 Qa7
41. Qd2 Rcc6 42. a3 Qc7 43. Qd3 Ra4 44. Be3 Rcxc4 45. Rxc4 Qxc4 46. Rxd6 Qxd3
47. Rxd3 Bf8 48. Bc1 Kg7 49. Bb2 Kf6 50. Kf1 Ke6 51. Ke2 f5 52. Kd2 Bc5 53. f3
e4 54. fxe4 fxe4 55. Rg3 Kf5 56. Ke2 Rc4 57. Rc3 Rxc3 58. Bxc3 Bxa3 59. Bd2 h5
60. Be3 Bd6 61. Bd2 Bf4 62. Be1 g5 63. Bf2 Ke5 64. Ba7 Kf5 65. Bb6 g4 66. Bc5
Bc1 67. Bb6 Ke5 68. Bc7+ Kd5 69. Bb8 Bg5 70. Bc7 Ke6 71. Bb8 Kf5 72. Bc7 Bf4 73.
Bb6 Ke5 74. Bc7+ Kf5 75. Bb6 Bg5 76. Bc7 e3 77. Bb6 Ke4 78. Bc7 Bf6 79. Bb6 Bd4
80. Bc7 Kf5 81. Bd8 Ke4 82. Bg5 Bc5 83. Bh6 Bb6 84. Bg5 Bc5 1/2-1/2

[Event "World Rapid Women 2022"]
[Site "Almaty KAZ"]
[Date "2022.12.27"]
[Round "8.35"]
[White "Frayna, Janelle Mae"]
[Black "Kaldarova, Ayaulym"]
[Result "0-1"]
[WhiteTitle "WGM"]
[WhiteElo "2265"]
[BlackElo "1832"]
[WhiteFideId "5212499"]
[BlackFideId "13720503"]
[EventDate "2022.12.26"]

1. Nf3 d6 2. g3 e5 3. d4 e4 4. Nfd2 f5 5. c4 Nf6 6. Nc3 c6 7. Bg2 Be7 8. O-O d5
9. f3 O-O 10. cxd5 cxd5 11. Qb3 Kh8 12. Rd1 Nc6 13. Nf1 Na5 14. Qc2 Be6 15. Bf4
Rc8 16. Rac1 b5 17. Qb1 Qd7 18. b4 Nc4 19. Qb3 a6 20. a4 Ne8 21. axb5 axb5 22.
Ne3 Qb7 23. Nc2 Ned6 24. Be5 Qb6 25. Kh1 Rc6 26. Na3 Nxa3 27. Qxa3 Nc4 28. Qb3
Rfc8 29. fxe4 fxe4 30. Na2 Ra8 31. Ra1 Ra3 32. Qb1 Nxe5 33. dxe5 Qa7 34. h4 Rca6
35. Rd2 R6a4 36. Kh2 Qe3 37. Qc2 Qxg3+ 38. Kh1 Qxh4+ 39. Kg1 Bg5 0-1

[Event "World Rapid Women 2022"]
[Site "Almaty KAZ"]
[Date "2022.12.27"]
[Round "8.36"]
[White "Bayasgalan, Khishigbaatar"]
[Black "Nurmanova, Alua"]
[Result "0-1"]
[WhiteTitle "WCM"]
[BlackTitle "WIM"]
[WhiteElo "1811"]
[BlackElo "2191"]
[WhiteFideId "4904311"]
[BlackFideId "13729390"]
[EventDate "2022.12.26"]

1. d4 Nf6 2. Nc3 d5 3. Bg5 Nbd7 4. f3 h6 5. Bxf6 Nxf6 6. e4 dxe4 7. fxe4 Bg4 8.
Be2 Bxe2 9. Ngxe2 e6 10. Qd3 c6 11. O-O-O Qa5 12. Kb1 Be7 13. Qf3 b5 14. e5 Nd5
15. Nxd5 cxd5 16. Rdf1 O-O 17. Nf4 Rac8 18. Rd1 Rc4 19. Qg4 Kh7 20. Rd3 Rfc8 21.
Rg3 Bf8 22. Nxe6 fxe6 23. Qg6+ Kh8 24. Rf1 R4c7 25. Rgf3 Bb4 26. a3 Rxc2 27.
axb4 Qxb4 28. Rf8+ Rxf8 29. Rxf8+ Qxf8 30. Kxc2 Qf2+ 31. Kc3 Qe3+ 32. Kc2 Qe2+
33. Kc1 Qc4+ 34. Kb1 Qc6 35. Qf7 a5 36. b3 b4 37. g4 a4 38. Qf8+ Kh7 39. Qxb4
axb3 40. Qxb3 Qe8 41. Kc1 Qg6 42. Qf3 Qg5+ 43. Kc2 Qh4 44. h3 Qe1 45. Qd3+ Kh8
46. Qg6 Qe2+ 47. Kc1 Qc4+ 48. Kb1 Qc6 49. g5 hxg5 50. Qxg5 Qb5+ 51. Ka2 Qc4+ 52.
Ka3 Qc3+ 53. Ka4 Qxd4+ 54. Kb5 Qd3+ 55. Kc5 Qxh3 56. Qg6 Qa3+ 57. Kc6 Qe7 58.
Kb5 Qd7+ 59. Kb4 d4 60. Qh5+ Kg8 61. Qf3 d3 62. Qa8+ Kh7 63. Qe4+ g6 64. Qh4+
Kg8 65. Qg5 Qf7 66. Kc3 Qf5 67. Qd8+ Kg7 68. Qe7+ Qf7 69. Qg5 Qd7 70. Qf6+ Kh7
71. Qh4+ Kg8 72. Qg5 Qf7 73. Qd8+ Kg7 74. Qg5 Qf2 75. Qe7+ Kh6 76. Qxe6 Qc2+ 77.
Kb4 Qb2+ 78. Kc5 Qc3+ 79. Kb6 Qd4+ 80. Kb5 d2 81. Qh3+ Kg7 82. Qe6 d1=Q 83. Qf6+
Kh7 84. Qf7+ Kh6 85. Qf8+ Kh5 86. Qh8+ Kg4 87. Qc8+ Qd7+ 0-1

[Event "World Rapid Women 2022"]
[Site "Almaty KAZ"]
[Date "2022.12.27"]
[Round "8.37"]
[White "Kurmangaliyeva, Liya"]
[Black "Khamdamova, Afruza"]
[Result "1/2-1/2"]
[WhiteTitle "FM"]
[BlackTitle "WFM"]
[WhiteElo "2287"]
[BlackElo "2139"]
[WhiteFideId "13725831"]
[BlackFideId "14210444"]
[EventDate "2022.12.26"]

1. d4 Nf6 2. c4 e6 3. Nf3 d5 4. g3 dxc4 5. Bg2 c5 6. O-O Nc6 7. dxc5 Qxd1 8.
Rxd1 Bxc5 9. Nbd2 c3 10. bxc3 O-O 11. Nb3 Be7 12. Nfd4 Bd7 13. Nxc6 Bxc6 14.
Bxc6 bxc6 15. c4 a5 16. Bd2 a4 17. Nd4 Rfc8 18. Rab1 Bc5 19. Be1 Ne4 20. Kg2 Nd6
21. Nf3 f6 22. Nd4 Kf7 23. Rbc1 Rab8 24. Rc2 e5 25. Nf3 Ke6 26. Bc3 Rb7 27. Nd2
Rcb8 28. e3 g5 29. h3 h5 30. Ba1 Rd7 31. Rdc1 Rbd8 32. Bc3 g4 33. Rh1 Nf5 34.
Re1 Rd3 35. Nf1 Rd1 36. hxg4 hxg4 37. e4 Nh6 38. Rxd1 Rxd1 39. Bd2 Nf7 40. Be3
Bd4 41. c5 Rd3 42. Bc1 f5 43. exf5+ Kxf5 44. Rc4 a3 45. Bd2 Nd8 46. Bb4 Ne6 47.
Rc2 e4 48. Nd2 e3 49. fxe3 Bxe3 50. Nc4 Bxc5 51. Bxc5 Nxc5 52. Nxa3 Ne6 53. Nc4
Nd4 54. Rc1 Nf3 55. a4 Rd7 56. a5 Ra7 57. Ne3+ Ke4 58. Nxg4 Nd4 59. Rc5 Nb3 60.
Rxc6 Rxa5 61. Nf2+ Kd5 62. Rf6 Nd4 63. g4 Ra7 64. Kg3 Rg7 65. Kh4 Ke5 66. Rf8
Ne6 67. Rf5+ Kd6 68. Ne4+ Ke7 69. Re5 Kd7 70. Ng5 Nf4 71. Rf5 Ng2+ 72. Kh5 Ne3
73. Ra5 Rg8 74. Ra7+ Kc6 75. Ra6+ Kb5 76. Re6 Rh8+ 1/2-1/2

[Event "World Rapid Women 2022"]
[Site "Almaty KAZ"]
[Date "2022.12.27"]
[Round "8.38"]
[White "Mikheeva, Galina"]
[Black "Osmak, Yuliia"]
[Result "0-1"]
[WhiteTitle "WFM"]
[BlackTitle "IM"]
[WhiteElo "1969"]
[BlackElo "2451"]
[WhiteFideId "44108320"]
[BlackFideId "14101602"]
[EventDate "2022.12.26"]

1. e4 Nc6 2. Nf3 d6 3. d4 Bg4 4. Be2 Nf6 5. Nc3 e5 6. Be3 Be7 7. d5 Nb8 8. Nd2
Bd7 9. O-O O-O 10. a4 c6 11. a5 Na6 12. Bxa6 bxa6 13. Qe2 Qc8 14. f3 cxd5 15.
exd5 Qb7 16. Qc4 Qxb2 17. Rfb1 Qxc2 18. Ra2 Qg6 19. Rb7 Rfc8 20. Qb3 Bf8 21.
Nde4 Nxe4 22. fxe4 Bb5 23. Rf2 f6 24. Bxa7 Qxe4 25. Nxb5 axb5 26. Bb6 Rc1+ 27.
Rf1 Rac8 28. Qxb5 R8c2 29. Bf2 Rxf2 30. Kxf2 Rc2+ 31. Kg3 Rxg2+ 32. Kh3 Qg4# 0-1

[Event "World Rapid Women 2022"]
[Site "Almaty KAZ"]
[Date "2022.12.27"]
[Round "8.39"]
[White "Yao, Lan"]
[Black "Mikhaylova, Irina"]
[Result "1-0"]
[WhiteTitle "WIM"]
[BlackTitle "WGM"]
[WhiteElo "2271"]
[BlackElo "2257"]
[WhiteFideId "8610835"]
[BlackFideId "4109040"]
[EventDate "2022.12.26"]

1. e4 c5 2. Nf3 Nc6 3. c3 d5 4. exd5 Qxd5 5. d4 Bg4 6. Be2 e6 7. Be3 cxd4 8.
cxd4 Nf6 9. Nc3 Qd6 10. Qb3 Be7 11. O-O O-O 12. Rad1 Rfd8 13. h3 Bh5 14. Rd2 Na5
15. Qb5 Nc6 16. Qxb7 Rab8 17. Qa6 Nb4 18. Qxd6 Bxd6 19. Rfd1 Nbd5 20. Bg5 Bb4
21. Rc2 Rdc8 22. Bd2 Bg6 23. Rcc1 Nxc3 24. Bxc3 Bxc3 25. bxc3 Rb2 26. Rd2 Rxd2
27. Nxd2 Nd5 28. c4 Nf4 29. Bf1 Bd3 30. Bxd3 Nxd3 31. Rb1 Nf4 32. Kf1 Rd8 33.
Rb7 g5 34. Nf3 h6 35. c5 e5 36. Nxe5 Rxd4 37. Kg1 Rd1+ 38. Kh2 Ne6 39. c6 Rc1
40. Rxa7 Rc5 41. Nxf7 Rxc6 42. Nxh6+ Kf8 43. Ng4 Rc2 44. a4 Ra2 45. Kg3 Nc5 46.
a5 Ra3+ 47. Ne3 Ne4+ 48. Kf3 Nd2+ 49. Kg4 Ne4 50. Nf5 Nxf2+ 51. Kxg5 Ra2 52. Kg6
Ke8 53. a6 Kd8 54. h4 Ng4 55. g3 Ra5 56. h5 Ne5+ 57. Kg5 Nc6 58. Ra8+ Kd7 59. h6
Ke6 60. g4 Ne5 61. h7 1-0

[Event "World Rapid Women 2022"]
[Site "Almaty KAZ"]
[Date "2022.12.27"]
[Round "8.40"]
[White "Nurgali, Nazerke"]
[Black "Eric, Jovana"]
[Result "0-1"]
[WhiteTitle "WIM"]
[BlackTitle "WGM"]
[WhiteElo "2168"]
[BlackElo "2236"]
[WhiteFideId "13711261"]
[BlackFideId "938238"]
[EventDate "2022.12.26"]

1. d4 Nf6 2. c4 e6 3. g3 Bb4+ 4. Bd2 Qe7 5. Nf3 Bxd2+ 6. Qxd2 d6 7. Nc3 O-O 8.
Bg2 e5 9. O-O a5 10. e4 Nc6 11. d5 Nb4 12. Ne1 Ng4 13. a3 Na6 14. Nd3 f5 15. f3
Nf6 16. b4 b6 17. Rae1 fxe4 18. fxe4 Bd7 19. b5 Nc5 20. Nxc5 dxc5 21. Nd1 Ne8
22. Nb2 Nd6 23. Qc3 Bg4 24. h3 Bh5 25. h4 Rae8 26. Kh2 Bg6 27. Qe3 Rf6 28. Rxf6
gxf6 29. Bf3 f5 30. exf5 Nxf5 31. Qf2 Nd4 32. Bg2 e4 33. Nd1 Rf8 34. Qd2 Rf3 35.
Ne3 Qd6 36. Nf1 Rxa3 37. Qg5 Kh8 38. h5 Bf5 39. h6 Qf8 40. Ne3 Ra2 41. Kh1 Rf2
42. Rf1 Rxf1+ 43. Bxf1 Bg6 44. Bh3 Nf3 45. Qg4 Ne5 46. Qe6 Nd3 47. Ng4 Bf5 48.
Qc6 Bxg4 49. Bg2 Bf3 50. Qe6 Bxg2+ 51. Kxg2 Ne1+ 52. Kg1 Nf3+ 53. Kg2 Nd4 54.
Qe5+ Kg8 55. Qg5+ Kf7 56. Qf4+ Ke8 57. Qxe4+ Qe7 58. Qf4 Qe2+ 59. Kh3 Qe7 60. g4
a4 61. g5 a3 62. Qg4 a2 0-1

[Event "World Rapid Women 2022"]
[Site "Almaty KAZ"]
[Date "2022.12.27"]
[Round "8.41"]
[White "Gaboyan, Susanna"]
[Black "Paramzina, Anastasya"]
[Result "1-0"]
[WhiteTitle "WIM"]
[BlackTitle "WGM"]
[WhiteElo "2200"]
[BlackElo "2227"]
[WhiteFideId "13303627"]
[BlackFideId "4165012"]
[EventDate "2022.12.26"]

1. Nf3 Nf6 2. g3 g6 3. Bg2 Bg7 4. O-O O-O 5. d3 d5 6. Nbd2 c5 7. e4 Nc6 8. exd5
Nxd5 9. Nc4 b5 10. Ne3 Bb7 11. Qe2 Nb6 12. c3 Re8 13. Ng4 Rf8 14. Bh6 Qc8 15.
Bh3 Qf5 16. Nh4 Qh5 17. Qe3 Bxh6 18. Nxh6+ Kg7 19. Ng4 Rad8 20. Rad1 Nd5 21. Qd2
e5 22. f3 c4 23. Nf2 Nf6 24. Qe2 Ne7 25. dxc4 bxc4 26. Qxc4 Rxd1 27. Rxd1 Bxf3
28. Nxf3 Qxf3 29. Bg2 Qe3 30. Qd3 Qg5 31. Ne4 Nxe4 32. Qxe4 Rb8 33. b3 Re8 34.
Rd7 Qc1+ 35. Bf1 Qxc3 36. Bc4 Qa1+ 37. Kg2 Qb2+ 38. Kh3 Nf5 39. Rxf7+ Kh8 40.
Rxa7 Qf2 41. Qb7 Ne7 42. Qd7 Rf8 43. Qe6 Nf5 44. Qxe5+ 1-0

[Event "World Rapid Women 2022"]
[Site "Almaty KAZ"]
[Date "2022.12.27"]
[Round "8.42"]
[White "Samaganova, Aleksandra"]
[Black "Gaponenko, Inna"]
[Result "0-1"]
[WhiteTitle "WFM"]
[BlackTitle "IM"]
[WhiteElo "1884"]
[BlackElo "2341"]
[WhiteFideId "13800221"]
[BlackFideId "14101181"]
[EventDate "2022.12.26"]

1. c4 c5 2. Nf3 g6 3. e3 Bg7 4. Nc3 Nf6 5. Be2 O-O 6. O-O Nc6 7. d4 cxd4 8. exd4
d5 9. cxd5 Nxd5 10. h3 Bf5 11. a3 Rc8 12. Be3 Na5 13. Bd2 Nc4 14. Bxc4 Rxc4 15.
Qb3 Nb6 16. Be3 Rc8 17. Rfd1 Qc7 18. Nb5 Qc2 19. Qxc2 Rxc2 20. Rd2 Rxd2 21. Nxd2
a6 22. Nc3 Rd8 23. Nb3 Nc4 24. Nc5 Bc8 25. b3 Na5 26. b4 Nc6 27. N3a4 Nxd4 28.
Bxd4 Bxd4 29. Rc1 e5 30. Nb6 Bf5 31. g4 Bb2 32. Re1 Bc3 33. Rc1 Bd2 34. Rc4 Bd3
35. Nxd3 Rxd3 36. a4 Rxh3 37. Nd7 Rc3 38. Re4 Rb3 39. Rxe5 Rxb4 40. Rd5 Bc3 41.
f3 h6 42. Nc5 Bd4+ 43. Kg2 Bxc5 44. Rxc5 Rxa4 45. Kg3 b5 46. Rc6 a5 47. Rb6 Rb4
48. Ra6 a4 49. Ra7 Kg7 50. Ra6 g5 51. Ra8 Rb3 0-1

[Event "World Rapid Women 2022"]
[Site "Almaty KAZ"]
[Date "2022.12.27"]
[Round "8.43"]
[White "Balakanova, Bakhyt"]
[Black "Foudzi, Siti Zulaikha"]
[Result "0-1"]
[WhiteTitle "WFM"]
[BlackTitle "WIM"]
[WhiteElo "2005"]
[BlackElo "2136"]
[WhiteFideId "13705881"]
[BlackFideId "5700965"]
[EventDate "2022.12.26"]

1. e4 g6 2. d4 Bg7 3. c3 d6 4. Be3 Nf6 5. Nd2 e5 6. f3 Nbd7 7. Bc4 c6 8. Ne2 O-O
9. h4 d5 10. exd5 cxd5 11. Bb3 Re8 12. O-O exd4 13. Bxd4 b6 14. Nf4 Bb7 15. Re1
Qc7 16. Nd3 Nc5 17. Be5 Qd7 18. Nf1 Bc6 19. Nb4 Nxb3 20. axb3 a5 21. Nc2 Bb7 22.
Qd4 Qf5 23. Rac1 Nh5 24. Bxg7 Nxg7 25. Qxb6 Rxe1 26. Nxe1 Qd7 27. Nd3 Ra6 28.
Qf2 Ne6 29. Re1 Qb5 30. Nc1 Rd6 31. Ng3 d4 32. c4 Qb4 33. Rd1 a4 34. bxa4 Qxc4
35. b3 Qb4 36. h5 Nf4 37. h6 f5 38. Qc2 Rd7 39. Qd2 Qxd2 40. Rxd2 d3 41. Kf2 Ba6
42. Ke3 Nd5+ 43. Kf2 Nb4 44. Nge2 Rc7 45. Nxd3 Nxd3+ 46. Ke3 Re7+ 47. Kd4 Rd7+
48. Ke3 f4+ 49. Nxf4 Re7+ 50. Kd4 Nxf4 51. Rc2 Rd7+ 52. Ke5 Nd3+ 53. Kf6 Rd6+
54. Ke7 Rb6 55. Rc3 g5 56. Rc2 Rxh6 57. b4 Nxb4 58. Rb2 Nd5+ 59. Kd7 Kf7 60. a5
Nf4 61. g3 Ne6 62. Rf2 Nc5+ 63. Kc7 Bd3 64. f4 g4 65. Rd2 Ra6 66. Rh2 Ne6+ 67.
Kd7 Rxa5 68. Rh4 Bf5 69. Kd6 Kg6 70. Rh2 Ra3 71. Rg2 Re3 72. Rg1 Nd4 73. Kd5 Ne2
74. Rg2 Be4+ 0-1